Joan edukira

Магистратура и градостроительство учебное пособие

Даны рекомендации по разработке выпускной квалификационной работы, изложены требования к градостроительному и архитектурному решениям, объёму проектных материалов и методика выполнения проекта. Описана процедура представления и защиты ВКР. Предназначены для студентов 1–2 курса, обучающихся по специа...

Deskribapen osoa

Gorde:
Xehetasun bibliografikoak
Egile nagusia: Куликов А. С.
Beste egile batzuk: Амельянц А. А.
Formatua: Книга
Hizkuntza:Russian
Argitaratua: Тамбов ТГТУ 2021
Sarrera elektronikoa:https://e.lanbook.com/book/320471
https://e.lanbook.com/img/cover/book/320471.jpg
Etiketak: Etiketa erantsi
Etiketarik gabe, Izan zaitez lehena erregistro honi etiketa jartzen!
LEADER 01719nam0a2200289 i 4500
001 320471
003 RuSpLAN
005 20240216150941.0
008 240216s2021 ru gs 000 0 rus
020 |a 978-5-8265-2403-9 
040 |a RuSpLAN 
041 0 |a rus 
044 |a ru 
080 |a 721.011(075.8) 
084 |a 85.11  |2 rubbk 
245 0 0 |a Магистратура и градостроительство  |b учебное пособие  |c Куликов А. С.,Амельянц А. А. 
260 |a Тамбов  |b ТГТУ  |c 2021 
300 |a 84 с. 
504 |a Библиогр.: доступна в карточке книги, на сайте ЭБС Лань 
520 8 |a Даны рекомендации по разработке выпускной квалификационной работы, изложены требования к градостроительному и архитектурному решениям, объёму проектных материалов и методика выполнения проекта. Описана процедура представления и защиты ВКР. Предназначены для студентов 1–2 курса, обучающихся по специальности 07.04.04 «Градостроительство» всех форм обучения. 
521 8 |a Книга из коллекции ТГТУ - Инженерно-технические науки 
521 8 |a СЭБ 
100 1 |a Куликов А. С. 
700 1 |a Амельянц А. А. 
856 4 |u https://e.lanbook.com/book/320471 
856 4 8 |u https://e.lanbook.com/img/cover/book/320471.jpg 
953 |a https://e.lanbook.com/img/cover/book/320471.jpg